The Fire Precautions (Workplace) Regulations 1997 (Record no. 96608)

MARC details
000 -LEADER
fixed length control field 01091cam a2200253 4500
008 - FIXED-LENGTH DATA ELEMENTS--GENERAL INFORMATION
fixed length control field 090401t1997 xxu||||| |||| 00| 0 eng d
020 ## - INTERNATIONAL STANDARD BOOK NUMBER
International Standard Book Number 0110647386
035 ## - SYSTEM CONTROL NUMBER
System control number (Sirsi) u80205
041 ## - LANGUAGE CODE
Language code of text/sound track or separate title eng
245 #4 - TITLE STATEMENT
Title The Fire Precautions (Workplace) Regulations 1997
260 ## - PUBLICATION, DISTRIBUTION, ETC.
Place of publication, distribution, etc. London
Name of publisher, distributor, etc. Stationery Office
Date of publication, distribution, etc. 1997
350 ## - PRICE (NR) (BK AM CF MU VM SE) [OBSOLETE]
Price 3.20
490 ## - SERIES STATEMENT
Series statement SI
Volume/sequential designation 1997: 1840
520 ## - SUMMARY, ETC.
Summary, etc. Made 28 July 1997. Coming into force 1 December 1997. Amend The Management of Health and Safety at Work Regulations 1992 and The Safety Representatives and Safety Committees Regulations 1977. View at www.legislation.hmso.gov.uk/.
650 ## - SUBJECT ADDED ENTRY--TOPICAL TERM
Topical term or geographic name entry element FIRE PRECAUTIONS ACT 1971
650 ## - SUBJECT ADDED ENTRY--TOPICAL TERM
Topical term or geographic name entry element FIRE PRECAUTIONS (WORKPLACE) REGULATIONS 1997
650 ## - SUBJECT ADDED ENTRY--TOPICAL TERM
Topical term or geographic name entry element FIRE PRECAUTIONS
650 ## - SUBJECT ADDED ENTRY--TOPICAL TERM
Topical term or geographic name entry element MANAGEMENT OF HEALTH AND SAFETY AT WORK REGULATIONS 1992
650 ## - SUBJECT ADDED ENTRY--TOPICAL TERM
Topical term or geographic name entry element SAFETY REPRESENTATIVES AND SAFETY COMMITTEES REGULATIONS 1977
690 ## - LOCAL SUBJECT ADDED ENTRY--TOPICAL TERM (OCLC, RLIN)
Topical term or geographic name as entry element Health and safety
9 (RLIN) 6244
856 ## - ELECTRONIC LOCATION AND ACCESS
Uniform Resource Identifier <a href="https://www.legislation.hmso.gov.uk/si/si1997/97184001.htm">https://www.legislation.hmso.gov.uk/si/si1997/97184001.htm</a>
Public note View the legislation on the HMSO website...
942 ## - ADDED ENTRY ELEMENTS (KOHA)
Suppress in OPAC 0
948 ## - LOCAL PROCESSING INFORMATION (OCLC); SERIES PART DESIGNATOR (RLIN)
c (OCLC) 11/08/1997
Holdings
Withdrawn status Lost status Source of classification or shelving scheme Damaged status Not for loan Home library Current library Shelving location Date acquired Total Checkouts Full call number Barcode Date last seen Copy number Price effective from Koha item type
    Dewey Decimal Classification     Virtual Virtual Online 08/01/2004   ONLINE PUBLICATION 80205-2001 06/08/2019 1 06/08/2019 Book